Statistics for Disney Channel Original Movies

Click here to take the quiz!

General Stats

  • This quiz has been taken 47 times
    (41 since last reset)
  • The average score is 37 of 108

Answer Stats

NumberAnswer% Correct
61High School Musical
91%
69High School Musical 2
87%
72Camp Rock
83%
80Camp Rock 2: The Final Jam
78%
98Descendants
78%
4Halloweentown
78%
103Descendants 2
70%
107Descendants 3
65%
76Princess Protection Program
65%
5Zenon: Girl of the 21st Century
65%
62Cow Belles
57%
53Halloweentown High
57%
78Starstruck
57%
92Teen Beach Movie
57%
60Twitches
57%
46The Cheetah Girls
52%
25Zenon: The Zequel
52%
104Zombies
52%
88Frenemies
48%
33Halloweentown 2: Kalabar's Revenge
48%
106Kim Possible
48%
66Return to Halloweentown
48%
65The Cheetah Girls 2
48%
82The Suite Life Movie
48%
77Wizards of Waverly Place: The Movie
48%
108Zombies 2
48%
45Eddie's Million Dollar Cook-Off
43%
9Johnny Tsunami
43%
83Lemonade Mouth
43%
48Pixel Perfect
43%
44The Even Stevens Movie
43%
70Twitches Too
43%
63Wendy Wu: Homecoming Warrior
43%
94Zapped
43%
36Cadet Kelly
39%
74Dadnapped
39%
91Girl vs. Monster
39%
71Minutemen
39%
97Teen Beach 2
39%
73The Cheetah Girls: One World
39%
27The Luck of the Irish
39%
101The Swap
39%
100Adventures in Babysitting
35%
3Brink!
35%
93Cloud 9
35%
105Freaky Friday
35%
86Geek Charming
35%
95How to Build a Better Boy
35%
99Invisible Sister
35%
67Jump In!
35%
54Now You See It...
35%
14The Color of Friendship
35%
1Under Wraps
35%
50Zenon: Z3
35%
81Avalon High
30%
96Bad Hair Day
30%
79Den Brother
30%
87Good Luck Charlie, It's Christmas!
30%
68Johnny Kapahala: Back on Board
30%
89Radio Rebel
30%
64Read It and Weep
30%
59The Proud Family
30%
42You Wish!
30%
57Go Figure
26%
75Hatching Pete
26%
90Let It Shine
26%
58Life is Ruff
26%
85Phinease and Ferb the Movie: Across the 2nd Dimension
26%
16Rip Girls
26%
84Sharpay's Fabulous Adventure
26%
7The Thirteenth Year
26%
35Double Teamed
22%
49Going to the Mat
22%
39Gotta Kick It Up!
22%
12Horse Sense
22%
29Jett Jackson: The Movie
22%
31Jumping Ship
22%
20Quints
22%
51Stuck in the Suburbs
22%
37Tru Confessions
22%
13Up, Up, and Away
22%
11Don't Look Under the Bed
17%
10Genius
17%
38Get a Clue
17%
28Hounded
17%
17Miracle in Lane 2
17%
22Mom's Got a Date with a Vampire
17%
26Motocrossed
17%
8Smart House
17%
102Tangled: Before Ever After
17%
32The Poof Point
17%
24The Ultimate Christmas Present
17%
2You Lucky Dog
17%
40A Ring of Endless Light
13%
55Buffalo Dreams
13%
23Phantom of the Megaplex
13%
19Ready to Run
13%
52Tiger Cruise
13%
15Alley Cats Strike
9%
6Can of Worms
9%
47Full-Court Miracle
9%
43Right on Track
9%
18Stepsister from Planet Weird
9%
30The Jennie Project
9%
21The Other Me
9%
41The Scream Team
9%
34'Twas the Night
9%
56Kim Possible Moive: So the Drama
0%

Score Distribution

Percentile by Number Answered

Percent of People with Each Score

Your Score History

You have not taken this quiz since the last reset